Movies Quiz

Random Movies or Nominee Quiz

Academy Award for Best Actress (2000s) Quiz Stats

 Plays Quiz Updated May 31, 2018

Score 0/10 Timer 02:00
6 Plays Today
% Correct
Julia Roberts
95.2%
Halle Berry
94.4%
Helen Mirren
94.3%
Sandra Bullock
93.7%
Hilary Swank
93.4%
Kate Winslet
93%
Charlize Theron
92.3%
Reese Witherspoon
91.4%
Marion Cotillard
88.2%
Nicole Kidman
87.9%

You're not logged in!

Compare scores with friends on all Sporcle quizzes.
OR
Log In

Sporcle TV

Today on Sporcle TV


Watch our educational content, quiz creation guides, and fun videos on Sporcle TV.

Show Comments

Extras

Top Quizzes Today


Score Distribution

Your Account Isn't Verified!

In order to create a playlist on Sporcle, you need to verify the email address you used during registration. Go to your Sporcle Settings to finish the process.

Report this User

Report this user for behavior that violates our Community Guidelines.

Details: